[Event "FIDE World Rapid 2014"]
[Site "Dubai UAE"]
[Date "2014.06.17"]
[Round "10.41"]
[White "Michalik, Peter"]
[Black "Hansen, Eric"]
[Result "0-1"]
[WhiteTitle "GM"]
[BlackTitle "GM"]
[WhiteElo "2557"]
[BlackElo "2584"]
[WhiteFideId "14907526"]
[BlackFideId "2606771"]
[EventDate "2014.06.16"]

1. d4 Nf6 2. c4 g6 3. g3 c6 4. Bg2 d5 5. e3 Bg7 6. Ne2 O-O 7. O-O dxc4 8. Nd2 b5
9. a4 Nd5 10. axb5 cxb5 11. Nc3 Bb7 12. Nxb5 Nxe3 13. fxe3 Bxg2 14. Kxg2 Qd5+
15. Qf3 Qxb5 16. Nxc4 Nd7 17. Na5 Rac8 18. Qb7 Nb6 19. Rf2 e5 20. d5 Qd3 21. Rd2
Qe4+ 22. Kf2 Bh6 23. Re2 Qh1 24. d6 e4 25. Nc6 Qxh2+ 26. Kf1 Qh1+ 27. Kf2 Qf3+
28. Ke1 Qxg3+ 29. Kf1 Kh8 30. d7 Qh3+ 31. Ke1 Nxd7 32. Rxa7 Nc5 33. Qb5 Nd3+ 34.
Kd2 Qf1 35. Ra1 Nxc1 36. Rxc1 Rfd8+ 0-1

[Event "FIDE World Rapid 2014"]
[Site "Dubai UAE"]
[Date "2014.06.17"]
[Round "10.42"]
[White "Vakhidov, Jahongir"]
[Black "Antipov, Mikhail Al."]
[Result "0-1"]
[WhiteTitle "IM"]
[BlackTitle "GM"]
[WhiteElo "2471"]
[BlackElo "2502"]
[WhiteFideId "14201801"]
[BlackFideId "4107012"]
[EventDate "2014.06.16"]

1. Nf3 c5 2. e3 b6 3. d4 Bb7 4. Bd3 Nf6 5. Nbd2 e6 6. O-O Be7 7. b3 O-O 8. Bb2
d6 9. Qe2 Nbd7 10. Ba6 Qc8 11. Bxb7 Qxb7 12. c4 a6 13. e4 cxd4 14. Nxd4 Rfe8 15.
f4 e5 16. Nc2 exf4 17. Rxf4 Ne5 18. Ne3 Nfd7 19. Nd5 Bg5 20. Rf5 Bh6 21. Nf3 g6
22. Nxe5 dxe5 23. Rf3 Bg7 24. Raf1 f6 25. h4 Re6 26. h5 g5 27. h6 Bxh6 28. Rxf6
Nxf6 29. Rxf6 Rae8 30. Qh5 Bg7 31. Qxg5 Qc6 32. Rf2 Qc5 33. Qe3 Qxe3 34. Nxe3
Bf8 35. Kf1 Bc5 36. Ke2 Rg6 37. a3 Bxe3 38. Kxe3 Rg3+ 39. Rf3 Rxg2 40. Bc3 Rg5
41. Bb4 Kg7 42. c5 bxc5 43. Bxc5 h5 44. Rh3 Kg6 45. Kd3 Rg4 46. b4 Rd8+ 47. Ke3
h4 48. a4 Rg3+ 49. Rxg3+ hxg3 50. b5 axb5 51. axb5 Kh5 52. Ke2 Kg4 53. Be3 g2
54. b6 Kg3 55. Bg1 Rd7 56. Bc5 Kh2 57. Kf3 Rg7 0-1

[Event "FIDE World Rapid 2014"]
[Site "Dubai UAE"]
[Date "2014.06.17"]
[Round "10.43"]
[White "Shyam, Sundar M."]
[Black "Gundavaa, Bayarsaikhan"]
[Result "1/2-1/2"]
[WhiteTitle "GM"]
[BlackTitle "GM"]
[WhiteElo "2468"]
[BlackElo "2501"]
[WhiteFideId "5019141"]
[BlackFideId "4901045"]
[EventDate "2014.06.16"]

1. d4 Nf6 2. Nf3 e6 3. c4 d5 4. Bg5 h6 5. Bxf6 Qxf6 6. Nbd2 Nd7 7. e3 c5 8. cxd5
exd5 9. Bb5 cxd4 10. Nxd4 Bc5 11. Qa4 a6 12. Rc1 O-O 13. Bxd7 Bxd7 14. Qxd7 Bxd4
15. Qxb7 Bxb2 16. Rc6 Rfb8 17. Qxa8 Rxa8 18. Rxf6 Bxf6 19. Nb3 Rc8 20. Kd2 Rc4
21. Rc1 Ra4 22. Rc2 Kh7 23. Kc1 a5 24. Rd2 Rc4+ 25. Rc2 Ra4 26. Rd2 Kg6 27. f3
Bg5 28. f4 Bf6 29. g4 Re4 30. Rxd5 a4 31. Nc5 Rxe3 32. Rd3 Rxd3 33. Nxd3 h5 34.
h3 Bd4 35. Kd2 hxg4 36. hxg4 f5 37. gxf5+ Kxf5 38. Ke2 Ke4 39. a3 Kd5 40. Kd2
Kc4 41. Kc2 g6 42. Ne1 Kd5 43. Nf3 Bf6 44. Kd3 Kc5 45. Ke4 Kc4 46. Ne5+ Kb3 47.
Nd7 Bd8 48. Nc5+ Kxa3 49. Kd5 Bc7 50. Ke4 Bd6 51. Nxa4 Kxa4 52. f5 g5 53. f6 g4
54. f7 Kb5 55. f8=Q Bxf8 56. Kf4 Kc6 57. Kxg4 1/2-1/2

[Event "FIDE World Rapid 2014"]
[Site "Dubai UAE"]
[Date "2014.06.17"]
[Round "10.44"]
[White "Korobov, Anton"]
[Black "Tissir, Mohamed"]
[Result "1-0"]
[WhiteTitle "GM"]
[BlackTitle "IM"]
[WhiteElo "2680"]
[BlackElo "2380"]
[WhiteFideId "14105730"]
[BlackFideId "9000240"]
[EventDate "2014.06.16"]

1. d4 Nf6 2. c4 g6 3. Nc3 Bg7 4. e4 d6 5. Nf3 O-O 6. Be2 e5 7. O-O Nbd7 8. Be3
c6 9. h3 Re8 10. Qc2 exd4 11. Bxd4 Nh5 12. Bxg7 Kxg7 13. Rad1 Qf6 14. Rd4 Nf4
15. Rfd1 Ne5 16. Rxd6 Nxf3+ 17. Bxf3 Nxh3+ 18. Kf1 Be6 19. e5 Qf4 20. R6d4 Qh2
21. gxh3 Bxh3+ 22. Ke2 Rxe5+ 23. Ne4 Bf5 24. Qd2 Rae8 25. Rh1 Rxe4+ 26. Rxe4
Rxe4+ 27. Bxe4 Qe5 28. Qh6+ Kf6 29. f3 Be6 30. Qc1 Ke7 31. Rxh7 Qg3 32. Qc3 Qg2+
33. Kd1 Qf1+ 34. Kc2 Bxc4 35. Qb4+ Ke6 36. Qxb7 Ke5 37. Qc7+ Kd4 38. Qxa7+ c5
39. Qd7+ Ke5 40. Qe7+ Be6 41. Qxc5+ Kf6 42. Qd4+ Ke7 43. Rh2 1-0

[Event "FIDE World Rapid 2014"]
[Site "Dubai UAE"]
[Date "2014.06.17"]
[Round "10.45"]
[White "Fier, Alexandr"]
[Black "Ganguly, Surya Shekhar"]
[Result "0-1"]
[WhiteTitle "GM"]
[BlackTitle "GM"]
[WhiteElo "2580"]
[BlackElo "2619"]
[WhiteFideId "2107139"]
[BlackFideId "5002150"]
[EventDate "2014.06.16"]

1. d4 d5 2. Bg5 h6 3. Bh4 c6 4. e3 Qb6 5. Qc1 e5 6. Nf3 e4 7. Nfd2 Ne7 8. Bxe7
Bxe7 9. c4 Be6 10. Nc3 O-O 11. Qc2 Nd7 12. Be2 Rac8 13. h4 Nf6 14. c5 Qc7 15. b4
b6 16. Nb3 Ng4 17. a3 Qd8 18. g3 h5 19. Ba6 Rb8 20. Ne2 Bc8 21. Bxc8 Qxc8 22.
Nf4 g6 23. O-O Qd7 24. Rfc1 Rfc8 25. Qd2 Kg7 26. cxb6 axb6 27. Rc3 f6 28. Rac1
g5 29. Ng2 Ra8 30. Qb2 Nh6 31. Nd2 Nf5 32. Qc2 gxh4 33. gxh4 Kh6 34. Rxc6 Nxh4
35. Nxh4 Rg8+ 36. Kf1 Qh3+ 37. Ke2 Qxh4 38. Qb3 Qg4+ 39. Ke1 Qf5 40. Ke2 Qg4+
41. Ke1 Qf5 42. Ke2 Rg2 43. Rf1 h4 44. Rxb6 h3 45. Rb5 Rd8 46. Rb7 h2 47. Rxe7
Rg1 48. Nxe4 Rxf1 0-1

[Event "FIDE World Rapid 2014"]
[Site "Dubai UAE"]
[Date "2014.06.17"]
[Round "10.46"]
[White "Debashis, Das"]
[Black "Ringoir, Tanguy"]
[Result "1/2-1/2"]
[WhiteTitle "GM"]
[BlackTitle "IM"]
[WhiteElo "2484"]
[BlackElo "2506"]
[WhiteFideId "5024854"]
[BlackFideId "208027"]
[EventDate "2014.06.16"]

1. d4 d5 2. c4 c6 3. Nf3 Nf6 4. Nc3 dxc4 5. a4 Bf5 6. Ne5 Nbd7 7. Nxc4 Nb6 8.
Ne3 Bg6 9. a5 Nbd7 10. g3 e6 11. Bg2 Rc8 12. O-O Be7 13. f4 O-O 14. f5 exf5 15.
Nxf5 Bb4 16. a6 b5 17. e4 c5 18. e5 cxd4 19. Na2 Bh5 20. Qb3 Bc5 21. exf6 Nxf6
22. Bg5 Be2 23. Nh6+ gxh6 24. Bxf6 Qd6 25. Rf5 d3+ 26. Kh1 Qe6 27. Qd5 Be3 28.
Nc3 Bg4 29. Rff1 d2 30. Qd3 Rfe8 31. Bd5 Qd7 32. Bd4 Bxd4 33. Qxd4 Be6 34. Kg1
Rxc3 35. bxc3 Qxd5 36. Rad1 Qxd4+ 37. cxd4 Bc4 38. Rxd2 Bxf1 39. Kxf1 Kf8 40.
Rc2 Re6 41. Rc8+ Kg7 42. Rc5 Rb6 43. Ke2 b4 44. Kd2 Rxa6 45. Kc2 Ra2+ 46. Kb3
Rxh2 47. Kxb4 Rg2 48. Rc3 Kf6 49. Kc5 Rd2 50. d5 Ke7 51. Kc6 Kd8 52. Rb3 a5 53.
Rb8+ Ke7 54. Rb7+ Ke8 55. Kd6 Kf8 56. Ra7 Rd3 57. Rxa5 Rxg3 58. Kd7 h5 59. d6 h4
60. Rh5 h3 61. Rxh7 Kg8 62. Rh4 Kg7 63. Kc7 Rc3+ 64. Kd8 Kg6 65. d7 Kg5 66. Rh7
Rd3 67. Rxf7 Kg4 1/2-1/2

[Event "FIDE World Rapid 2014"]
[Site "Dubai UAE"]
[Date "2014.06.17"]
[Round "10.47"]
[White "Goloshchapov, Alexander"]
[Black "Taleb, Moussa"]
[Result "1-0"]
[WhiteTitle "GM"]
[BlackTitle "GM"]
[WhiteElo "2586"]
[BlackElo "2406"]
[WhiteFideId "14103222"]
[BlackFideId "9300201"]
[EventDate "2014.06.16"]

1. d4 Nf6 2. c4 e6 3. Nf3 Bb4+ 4. Nbd2 O-O 5. a3 Bxd2+ 6. Qxd2 d6 7. e3 b6 8.
Be2 Bb7 9. O-O Nbd7 10. b4 Ne4 11. Qc2 f5 12. d5 e5 13. Nd2 Nxd2 14. Bxd2 Qe7
15. f3 Rf6 16. Bd3 Raf8 17. Bc3 Qf7 18. f4 e4 19. Be2 Rh6 20. a4 Qe7 21. h3 Rg6
22. Kh2 Nf6 23. g3 Rh6 24. Kg2 Nh5 25. Bxh5 Rxh5 26. Rh1 g5 27. Qd2 gxf4 28.
exf4 Kf7 29. Rae1 Rh6 30. Re3 Rg6 31. Kf2 Rc8 32. b5 Rcg8 33. Qe2 Rh6 34. a5
bxa5 35. Bxa5 a6 36. b6 cxb6 37. Bxb6 Rc8 38. Bd4 Qc7 39. Rb3 Ba8 40. Rc3 a5 41.
Kg2 Rb8 42. Kh2 Rg6 43. Rhc1 a4 44. Qh5 Kg8 45. Qxf5 Re8 46. Re1 a3 47. Rxe4 Rf8
48. Qh5 a2 49. Qd1 Qd7 50. Ra3 Qf5 51. Qe2 Bb7 52. Rxa2 Bc8 53. g4 Qf7 54. f5
Bxf5 55. gxf5 Qxf5 56. Rg4 Rxg4 57. Qxg4+ Qxg4 58. hxg4 Rf4 59. Rd2 Rxg4 60. Rg2 1-0

[Event "FIDE World Rapid 2014"]
[Site "Dubai UAE"]
[Date "2014.06.17"]
[Round "10.49"]
[White "Al Qudaimi, Basheer"]
[Black "Vahidov, Tair"]
[Result "1/2-1/2"]
[WhiteTitle "IM"]
[BlackTitle "GM"]
[WhiteElo "2396"]
[BlackElo "2446"]
[WhiteFideId "9400346"]
[BlackFideId "14200155"]
[EventDate "2014.06.16"]

1. e4 e5 2. Nf3 Nf6 3. Nxe5 d6 4. Nf3 Nxe4 5. Nc3 Nf6 6. d4 Be7 7. d5 O-O 8. h3
Re8 9. Be2 Nbd7 10. O-O Nc5 11. Re1 Bf8 12. Bg5 h6 13. Be3 g6 14. Qc1 Kh7 15.
Nd2 Bg7 16. Bf3 a6 17. Nb3 Nxb3 18. axb3 Bd7 19. Qd2 Re7 20. Bd4 Rxe1+ 21. Rxe1
Qf8 22. Qf4 Ng8 23. h4 Re8 24. Rxe8 Qxe8 25. Bxg7 Kxg7 26. Kf1 Bf5 27. Be4 Bxe4
28. Qxe4 Qxe4 29. Nxe4 Nf6 30. Nc3 Ng8 31. Ne4 f5 1/2-1/2

[Event "FIDE World Rapid 2014"]
[Site "Dubai UAE"]
[Date "2014.06.17"]
[Round "10.50"]
[White "Faisal, Abdulla"]
[Black "Kayumov, Sergey"]
[Result "0-1"]
[WhiteTitle "CM"]
[BlackTitle "GM"]
[WhiteElo "2270"]
[BlackElo "2505"]
[WhiteFideId "9301232"]
[BlackFideId "14200880"]
[EventDate "2014.06.16"]

1. e4 d6 2. d4 Nf6 3. f3 c5 4. d5 e6 5. c4 exd5 6. cxd5 Be7 7. Ne2 O-O 8. Nec3
Nh5 9. Bd3 Bg5 10. O-O Bxc1 11. Qxc1 f5 12. Na3 a6 13. Nc2 b5 14. Re1 Nd7 15.
exf5 Ne5 16. Be2 Bxf5 17. Ne3 Nf4 18. Qd2 Qg5 19. Bf1 Nxf3+ 20. Kf2 0-1

[Event "FIDE World Rapid 2014"]
[Site "Dubai UAE"]
[Date "2014.06.17"]
[Round "10.51"]
[White "Hilwani, Talal"]
[Black "Savchenko, Boris"]
[Result "0-1"]
[BlackTitle "GM"]
[WhiteElo "2274"]
[BlackElo "2581"]
[WhiteFideId "7600410"]
[BlackFideId "4147332"]
[EventDate "2014.06.16"]

1. c4 Nf6 2. g3 c5 3. Bg2 d5 4. cxd5 Nxd5 5. Nc3 Nc7 6. Nf3 Nc6 7. b3 e5 8. Bb2
Be7 9. O-O Bf5 10. d3 Qd7 11. Re1 O-O 12. Rc1 b6 13. Ne4 f6 14. Qc2 Rac8 15. Qb1
Rfd8 16. Ned2 Kh8 17. Nc4 Bf8 18. a3 Nd4 19. Ba1 Bg4 20. Ncd2 Nd5 21. Rcd1 Ne7
22. Rc1 Nec6 23. Bc3 Rc7 24. Rcd1 Be6 25. Rc1 Nb5 26. Bb2 Ncd4 27. a4 Nxf3+ 28.
Nxf3 Nd4 29. Bxd4 cxd4 30. Rxc7 Qxc7 31. Rc1 Qd7 32. Nd2 Bb4 33. Nc4 Rb8 34. Qa2
a6 35. Nd2 Rc8 36. Rxc8+ Qxc8 37. Qb2 Qc3 38. Nc4 Qe1+ 0-1

[Event "FIDE World Rapid 2014"]
[Site "Dubai UAE"]
[Date "2014.06.18"]
[Round "11.1"]
[White "Aronian, Levon"]
[Black "Carlsen, Magnus"]
[Result "1/2-1/2"]
[WhiteTitle "GM"]
[BlackTitle "GM"]
[WhiteElo "2815"]
[BlackElo "2881"]
[WhiteFideId "13300474"]
[BlackFideId "1503014"]
[EventDate "2014.06.16"]

1. d4 Nf6 2. c4 e6 3. Nf3 d5 4. Nc3 Bb4 5. Bg5 h6 6. Bxf6 Qxf6 7. e3 O-O 8. Rc1
dxc4 9. Bxc4 c5 10. O-O cxd4 11. Ne4 Qf5 12. Ng3 Qa5 13. exd4 Nc6 14. Qe2 Bd7
15. a3 Bd6 16. Ne4 Bf4 17. Rc3 Rad8 18. Rd1 b5 19. Bd3 b4 20. Rc5 Qb6 21. g3 Bb8
22. Qe3 f5 23. Rb5 f4 24. Qc1 Qc7 25. Rc5 fxg3 26. Ne5 gxf2+ 27. Nxf2 Qd6 28.
Rxc6 Bxc6 29. Qxc6 bxa3 30. bxa3 Rf4 31. Bc4 g5 32. Bxe6+ Kg7 33. Rb1 Rxd4 34.
Rb7+ Kf6 35. Qf3+ Kxe6 36. Qf7+ Kxe5 37. Re7+ Qxe7 38. Qxe7+ Kf5 39. Qh7+ Kf6
40. Qxh6+ Kf5 41. Qh7+ Kf6 42. Ne4+ Ke5 43. Qe7+ Kf5 44. Nf2 Bf4 45. Qxa7 Kg6
46. Qb6+ R8d6 47. Qb1+ Kg7 48. Qb7+ Rd7 49. Qf3 Rf7 50. Qc3 Bxh2+ 51. Kxh2 Rxf2+
52. Kg3 Rf4 53. a4 Rg4+ 54. Kf3 Rf4+ 55. Kg3 Rg4+ 56. Kf3 Rf4+ 1/2-1/2

[Event "FIDE World Rapid 2014"]
[Site "Dubai UAE"]
[Date "2014.06.18"]
[Round "11.3"]
[White "Grischuk, Alexander"]
[Black "Yu, Yangyi"]
[Result "0-1"]
[WhiteTitle "GM"]
[BlackTitle "GM"]
[WhiteElo "2792"]
[BlackElo "2675"]
[WhiteFideId "4126025"]
[BlackFideId "8603820"]
[EventDate "2014.06.16"]

1. d4 Nf6 2. c4 e6 3. Nf3 d5 4. Nc3 Bb4 5. cxd5 exd5 6. Bg5 Qd6 7. Nd2 Bf5 8.
Nb5 Qb6 9. Bxf6 gxf6 10. e3 c6 11. Nc3 Nd7 12. Rc1 Bd6 13. Nb3 Qd8 14. Bd3 Bg6
15. Qc2 Qe7 16. O-O O-O 17. Rce1 Bb4 18. Nd2 Kh8 19. f4 Rg8 20. f5 Bh5 21. a3
Ba5 22. Kh1 Rg7 23. Rf4 Rag8 24. Bf1 Bg4 25. g3 Nf8 26. e4 Bc7 27. e5 Rg5 28. h3
Bh5 29. g4 fxe5 30. dxe5 Rxg4 31. Rxg4 Bxg4 32. f6 Qe6 33. Qd3 Bf5 34. Qe3 Bb6
35. Qh6 Be4+ 36. Rxe4 dxe4 37. Qh5 Nd7 38. Nc4 Rg1+ 39. Kh2 Rxf1 40. Nxe4 Qxc4 0-1

[Event "FIDE World Rapid 2014"]
[Site "Dubai UAE"]
[Date "2014.06.18"]
[Round "11.5"]
[White "Tomashevsky, Evgeny"]
[Black "Nguyen, Ngoc Truong Son"]
[Result "1-0"]
[WhiteTitle "GM"]
[BlackTitle "GM"]
[WhiteElo "2695"]
[BlackElo "2621"]
[WhiteFideId "4147235"]
[BlackFideId "12401110"]
[EventDate "2014.06.16"]

1. d4 d5 2. c4 c6 3. Nf3 Nf6 4. Nc3 e6 5. Bg5 Nbd7 6. e3 Qa5 7. cxd5 exd5 8. Nd2
Be7 9. Bd3 O-O 10. O-O Re8 11. Re1 Nf8 12. Qc2 Be6 13. Rab1 Rac8 14. a3 Qd8 15.
b4 Bd6 16. Nf1 Ng6 17. f4 Bd7 18. f5 Nf8 19. e4 dxe4 20. Nxe4 Be7 21. Bxf6 Bxf6
22. Qf2 Bh4 23. g3 Bf6 24. Nfd2 h6 25. Nc4 Rc7 26. Ncd6 Re7 27. Nxf6+ gxf6 28.
Rxe7 Qxe7 29. Qf4 Be8 30. Ne4 Rd7 31. Qxh6 Nh7 32. Re1 Qd8 33. Bc4 Rxd4 34. Qg6+
Kh8 35. Bxf7 Bxf7 36. Qxf7 Rxe4 37. Rxe4 Qd1+ 38. Kf2 Qd2+ 39. Re2 Qd4+ 40. Kg2 1-0

[Event "FIDE World Rapid 2014"]
[Site "Dubai UAE"]
[Date "2014.06.18"]
[Round "11.7"]
[White "Movsesian, Sergei"]
[Black "Karjakin, Sergey"]
[Result "1/2-1/2"]
[WhiteTitle "GM"]
[BlackTitle "GM"]
[WhiteElo "2672"]
[BlackElo "2771"]
[WhiteFideId "310204"]
[BlackFideId "14109603"]
[EventDate "2014.06.16"]

1. e4 e5 2. Nf3 Nc6 3. Bb5 Nf6 4. d3 Bc5 5. c3 O-O 6. O-O d6 7. h3 Ne7 8. d4 Bb6
9. Re1 d5 10. Nxe5 Nxe4 11. Nd2 Nd6 12. Bf1 c6 13. Ndf3 Bc7 14. Bf4 f6 15. Nd3
Ng6 16. Bh2 Ne4 17. Bxc7 Qxc7 18. Nd2 Nd6 19. Qf3 Qf7 20. Nf4 Bf5 21. Qg3 Qd7
22. Nxg6 hxg6 23. Bd3 Kf7 24. Re2 Rfe8 25. Rae1 Rxe2 26. Rxe2 Bxd3 27. Qxd3 Re8
28. Rxe8 Qxe8 29. Kf1 Qe6 30. f3 Nf5 31. Kf2 Qd6 32. Nf1 Qc7 33. g3 Qa5 34. a3
Qb6 35. b4 Qc7 36. h4 Qd7 37. Kg2 Qe6 38. Qd2 b5 39. Kf2 Nd6 40. Qf4 Ke7 41. Ne3
Qh3 42. Nf1 Kd7 43. Ne3 Ke6 44. Ng2 Qf5 45. Qxf5+ gxf5 46. Ne3 Kf7 47. h5 g6 48.
hxg6+ Kxg6 49. Ke2 Kg5 50. Ng2 Kg6 51. Ne3 f4 52. gxf4 Nc4 53. Nxc4 dxc4 54. Kf2
Kf5 55. Kg3 a6 56. Kg2 Kxf4 57. Kf2 f5 58. Ke2 Kg3 59. Ke3 Kg2 60. Kf4 Kf2 61.
Kxf5 Ke3 62. Ke5 Kd3 63. f4 Kxc3 64. f5 Kb3 65. f6 c3 66. f7 c2 67. f8=Q c1=Q
68. Qf3+ Ka4 69. Kd6 Qc4 70. Qe3 a5 71. bxa5 Kxa5 72. Kc7 Ka4 73. Kb6 Qd5 74.
Qc3 Qd8+ 75. Kb7 Qd7+ 76. Kb6 Qd8+ 77. Kb7 Qd7+ 78. Kb6 1/2-1/2

[Event "FIDE World Rapid 2014"]
[Site "Dubai UAE"]
[Date "2014.06.18"]
[Round "11.10"]
[White "Fressinet, Laurent"]
[Black "Malakhov, Vladimir"]
[Result "1/2-1/2"]
[WhiteTitle "GM"]
[BlackTitle "GM"]
[WhiteElo "2717"]
[BlackElo "2694"]
[WhiteFideId "608742"]
[BlackFideId "4120787"]
[EventDate "2014.06.16"]

1. Nf3 d5 2. g3 Bg4 3. Bg2 Nd7 4. c4 e6 5. cxd5 exd5 6. O-O Ngf6 7. d3 c6 8. h3
Bxf3 9. Bxf3 Be7 10. e4 O-O 11. Bg2 Re8 12. Nc3 dxe4 13. dxe4 Bc5 14. Qc2 Ne5
15. Rd1 Qc7 16. Na4 Bf8 17. f4 Ng6 18. e5 Nd7 19. Be3 Nb6 20. Rd3 Rad8 21. Rad1
Rxd3 22. Rxd3 Rd8 23. Rxd8 Qxd8 24. Nxb6 axb6 25. Qb3 b5 26. e6 Qf6 27. exf7+
Qxf7 28. Qxf7+ Kxf7 29. Be4 Ne7 30. Kf2 g6 31. Kf3 Bg7 32. Bc1 h5 33. g4 hxg4+
34. hxg4 Ke6 35. Ke2 Kf7 36. Kd3 Nd5 37. Ke2 Nb6 38. Kd1 Na4 39. Kc2 Nc5 40. Bg2
Ne6 41. Be3 Bf8 42. Be4 Nc5 43. Bf3 Bd6 44. Bxc5 Bxc5 45. f5 gxf5 46. gxf5 Kf6
47. Be4 Bd4 48. Bd3 Ke5 49. Kb1 Kf6 50. Kc2 Ke5 51. Kb1 Kf6 52. Kc2 1/2-1/2

[Event "FIDE World Rapid 2014"]
[Site "Dubai UAE"]
[Date "2014.06.18"]
[Round "11.11"]
[White "Vachier-Lagrave, Maxime"]
[Black "Zhigalko, Sergei"]
[Result "1/2-1/2"]
[WhiteTitle "GM"]
[BlackTitle "GM"]
[WhiteElo "2762"]
[BlackElo "2678"]
[WhiteFideId "623539"]
[BlackFideId "13502956"]
[EventDate "2014.06.16"]

1. Nf3 Nf6 2. g3 d5 3. Bg2 c6 4. O-O Bf5 5. c4 e6 6. cxd5 exd5 7. d3 Nbd7 8.
Nbd2 Be7 9. e4 dxe4 10. dxe4 Bg6 11. Nh4 Ne5 12. Qb3 Qb6 13. Qc3 Qc5 14. Nb3
Qxc3 15. bxc3 Nd3 16. Bg5 h6 17. Nxg6 fxg6 18. Be3 Ng4 19. Bd4 c5 20. Rad1 Nb2
21. Nxc5 Nxd1 22. Rxd1 Bxc5 23. Bxc5 Rd8 24. Rxd8+ Kxd8 25. Bxa7 Kc7 26. Bd4 Ra8
27. h3 Nf6 28. e5 Nd7 29. Be4 g5 30. e6 Nf6 31. Bg6 Kd6 32. Bf7 Rxa2 33. Kg2 Re2
34. Kf3 Re1 35. c4 Rc1 36. c5+ Ke7 37. Ke3 Re1+ 38. Kd3 Ne4 39. f4 Nxg3 40. Bf2
Rf1 41. c6 Rxf2 42. c7 Rf3+ 43. Kc2 Rf2+ 44. Kb3 Rf3+ 45. Kb2 Rf2+ 46. Kb3 Rf3+
47. Kb2 Rf2+ 48. Kb3 Rf3+ 1/2-1/2

[Event "FIDE World Rapid 2014"]
[Site "Dubai UAE"]
[Date "2014.06.18"]
[Round "11.12"]
[White "Harikrishna, Pentala"]
[Black "Efimenko, Zahar"]
[Result "0-1"]
[WhiteTitle "GM"]
[BlackTitle "GM"]
[WhiteElo "2726"]
[BlackElo "2648"]
[WhiteFideId "5007003"]
[BlackFideId "14107201"]
[EventDate "2014.06.16"]

1. d4 Nf6 2. Nf3 e6 3. c4 b6 4. e3 Bb7 5. Bd3 Bb4+ 6. Nbd2 c5 7. O-O cxd4 8.
exd4 O-O 9. a3 Be7 10. b3 d5 11. Qe2 Nc6 12. Bb2 Rc8 13. Rac1 Re8 14. Rfd1 Bf8
15. h3 g6 16. Qe3 Bg7 17. Ne5 dxc4 18. bxc4 Nxe5 19. dxe5 Nd7 20. c5 Rxc5 21.
Nc4 Bd5 22. Bd4 Rc7 23. Nd6 Rf8 24. f4 Bh6 25. Be4 Rxc1 26. Rxc1 Nc5 27. Bxc5
bxc5 28. g3 c4 29. Nxc4 Bxe4 30. Qxe4 Qc7 31. Rd1 Rb8 32. Kg2 Bf8 33. h4 h5 34.
Rd2 Rb3 35. Rc2 Qb8 36. a4 Rb4 37. Qc6 Rb1 38. Nd6 Rb6 39. Qc8 Qxc8 40. Rxc8 Ra6
41. Ne4 Rxa4 42. Ng5 a5 43. Rc7 Ra2+ 44. Kh3 a4 45. Rxf7 a3 46. Ra7 Bb4 47. Ra8+
Kg7 48. Ra7+ Kg8 49. Nxe6 Ra1 50. Ng5 a2 51. Kg2 Rg1+ 0-1

[Event "FIDE World Rapid 2014"]
[Site "Dubai UAE"]
[Date "2014.06.18"]
[Round "11.13"]
[White "Guseinov, Gadir"]
[Black "Le, Quang Liem"]
[Result "0-1"]
[WhiteTitle "GM"]
[BlackTitle "GM"]
[WhiteElo "2613"]
[BlackElo "2712"]
[WhiteFideId "13401378"]
[BlackFideId "12401137"]
[EventDate "2014.06.16"]

1. e4 c5 2. Nf3 e6 3. d4 cxd4 4. Nxd4 Nc6 5. Nc3 Qc7 6. g3 a6 7. Bg2 Nf6 8. O-O
h5 9. Re1 Nxd4 10. Qxd4 Bc5 11. Qd3 Ng4 12. Nd1 d6 13. h3 Ne5 14. Qe2 Bd7 15. a4
Rc8 16. Be3 h4 17. g4 Ng6 18. Qd2 O-O 19. b3 Bc6 20. b4 Bxe3 21. Nxe3 Nf4 22.
Nd5 Nxh3+ 23. Bxh3 exd5 24. exd5 Bd7 25. Re7 Rfe8 26. Rae1 Rxe7 27. Rxe7 Kf8 28.
Re2 Qc3 29. Qf4 Qf6 30. Qd2 g5 31. Re3 Rc4 32. f3 Qd4 33. Qxd4 Rxd4 34. c3 Rd1+
35. Kf2 Bxa4 36. c4 Rd2+ 37. Kg1 Bd7 38. Bf1 Rb2 39. c5 Rxb4 40. cxd6 Rb6 41.
Rc3 Rxd6 42. Rc7 b5 43. Ra7 Rxd5 44. Rxa6 Rd4 45. Kf2 Rf4 46. Kg2 h3+ 47. Kg3
Bxg4 48. fxg4 Rxf1 49. Rb6 h2 50. Kxh2 Rf4 51. Rxb5 Rxg4 52. Kh3 Rh4+ 53. Kg3 f6
54. Rb7 Re4 0-1

[Event "FIDE World Rapid 2014"]
[Site "Dubai UAE"]
[Date "2014.06.18"]
[Round "11.15"]
[White "Yudin, Sergei"]
[Black "Vallejo Pons, Francisco"]
[Result "0-1"]
[WhiteTitle "GM"]
[BlackTitle "GM"]
[WhiteElo "2546"]
[BlackElo "2698"]
[WhiteFideId "4159659"]
[BlackFideId "2205530"]
[EventDate "2014.06.16"]

1. e4 e5 2. Nf3 Nc6 3. Bc4 Bc5 4. c3 Nf6 5. b4 Be7 6. d3 O-O 7. O-O d5 8. exd5
Nxd5 9. b5 Na5 10. Bxd5 Qxd5 11. c4 Qd7 12. Bd2 e4 13. Bxa5 exf3 14. Qxf3 a6 15.
bxa6 Rxa6 16. Bc3 b5 17. Nd2 b4 18. Bb2 c5 19. Rfe1 Bb7 20. Qe2 Rg6 21. Ne4 f5
22. Ng3 Bd6 23. f3 Bxg3 24. hxg3 Rxg3 25. Kh2 Rg6 26. Rad1 f4 27. d4 cxd4 28.
Rxd4 Qf5 29. Rd2 Qh5+ 30. Kg1 Bxf3 31. Qe7 Bc6 32. Bxg7 Re8 33. Bh6 Rxe7 34.
Rd8+ Re8 0-1

[Event "FIDE World Rapid 2014"]
[Site "Dubai UAE"]
[Date "2014.06.18"]
[Round "11.16"]
[White "Iturrizaga Bonelli, Eduardo"]
[Black "Moiseenko, Alexander"]
[Result "0-1"]
[WhiteTitle "GM"]
[BlackTitle "GM"]
[WhiteElo "2653"]
[BlackElo "2707"]
[WhiteFideId "3901211"]
[BlackFideId "14102560"]
[EventDate "2014.06.16"]

1. Nf3 Nf6 2. c4 e6 3. Nc3 Bb4 4. Qc2 d6 5. a3 Bxc3 6. Qxc3 e5 7. b4 O-O 8. Bb2
a5 9. g3 axb4 10. axb4 Rxa1+ 11. Bxa1 b5 12. d3 bxc4 13. dxc4 c5 14. bxc5 Ne4
15. Qa3 Nxc5 16. Bxe5 dxe5 17. Qxc5 Nd7 18. Qb5 e4 19. Nd4 Qf6 20. e3 Ne5 21.
Be2 Bh3 22. c5 Bg2 23. Rg1 Bf3 24. Qb6 Qxb6 25. cxb6 Rb8 26. Kd2 Rxb6 27. Ra1 g6
28. Ra8+ Kg7 29. Bb5 Ng4 30. Ra7 Nxf2 31. Bc4 Rf6 32. Ne6+ Kh6 33. Nf8 Rd6+ 34.
Kc2 Ng4 35. Rxf7 Nxe3+ 36. Kb3 Rb6+ 37. Kc3 Rc6 38. h4 Rxc4+ 39. Kd2 Nf1+ 40.
Ke1 Rc1+ 41. Kf2 Kh5 42. Nxh7 Rc2+ 43. Kxf1 Kg4 44. Rf6 e3 45. Rxg6+ Kh5 0-1